Shaping your future : become the brand everyone wants /

Bibliographic Details
Main Author: Rocker-Craft, Rita, (Author)
Format: eBook
Language:English
Published: New York, New York : Business Expert Press, [2021]
Subjects:
Online Access:Click to View
LEADER 01570nam a2200385 i 4500
001 EBC6461804
003 MiAaPQ
005 20210623230521.0
006 m o d |
007 cr cnu||||||||
008 210623s2021 nyua o 001 0 eng d
020 |a 9781953349590  |q (electronic bk.) 
020 |z 9781953349583  |q (print) 
035 |a (MiAaPQ)EBC6461804 
035 |a (Au-PeEL)EBL6461804 
035 |a (OCoLC)1235593182 
040 |a MiAaPQ  |b eng  |e rda  |e pn  |c MiAaPQ  |d MiAaPQ 
050 4 |a B105.I47  |b .R635 2021 
082 0 |a 128.3  |2 23 
100 1 |a Rocker-Craft, Rita,  |e author. 
245 1 0 |a Shaping your future :  |b become the brand everyone wants /  |c Rita Rocker-Craft. 
264 1 |a New York, New York :  |b Business Expert Press,  |c [2021] 
264 4 |c 2021 
300 |a 1 online resource (130 pages) :  |b illustrations 
336 |a text  |b txt  |2 rdacontent 
337 |a computer  |b c  |2 rdamedia 
338 |a online resource  |b cr  |2 rdacarrier 
500 |a Includes index. 
588 |a Description based on print version record. 
590 |a Electronic reproduction. Ann Arbor, MI : ProQuest, 2018. Available via World Wide Web. Access may be limited to ProQuest affiliated libraries. 
650 0 |a Professions. 
655 4 |a Electronic books. 
776 0 8 |i Print version:  |a Rocker-Craft, Rita.  |t Shaping your future : become the brand everyone wants.  |d New York, New York : Business Expert Press, c2021   |h 130 pages   |z 9781953349583 
797 2 |a ProQuest (Firm) 
856 4 0 |u https://ebookcentral.proquest.com/lib/matrademy/detail.action?docID=6461804  |z Click to View